| 000 | 01148nas a2200361 4500 | ||
|---|---|---|---|
| 001 | BR0000463 | ||
| 003 | BR-BrBNA | ||
| 005 | 20231205101643.0 | ||
| 007 | ta | ||
| 008 | 230509b bl.|||p| |||| 00| 00por d | ||
| 040 |
_aBR-BrBNA _bpor _cBiblioteca Nacional de Agricultura |
||
| 041 | _a(Pt) | ||
| 072 | _aP36 | ||
| 100 | 1 | _aLevien, E.A.C. | |
| 100 | 1 | _aLier, Q. de J. van | |
| 100 | 1 | _aBadelucci, M.P. | |
| 245 | 1 | _aInfiltracao de agua e perdas de agua e solo por erosao influenciadas por diferentes metodos de melhoramento da pastagem nativa gaucha | |
| 650 | _aAveia Forrageira | ||
| 650 | _aAzevem | ||
| 650 | _aTrevo Vesiculoso | ||
| 650 | _aPodzolico Vermelho Amarelo | ||
| 650 | _aErosao do Solo | ||
| 650 | _aEnxurrada | ||
| 650 | _aChuva Artificial | ||
| 650 | _aPropriedade Fisico-Quimica | ||
| 650 | _aConservacao do Solo | ||
| 650 | _aConservacao da Agua | ||
| 650 | _aRio Grande do Sul | ||
| 650 | _aPastagem | ||
| 773 | 0 |
_tRevista Brasileira de Ciencia do Solo (Brazil) _xISSN 0100-0683 _g(Oct-Dec 1999), v. 23(4) p. 923-931 _wBR0000463 |
|
| 909 |
_a202311 _bLúcia _c55 _dLúcia Elande |
||
| 942 |
_2AGRIS _n0 _cANA |
||
| 999 |
_c163060 _d163060 |
||